Quizzes
Events
Quiz Creation
Community
Videos
Private Events
Remove Ads
Sign In
Join for FREE
Feedback
Dark Mode
Quiz Categories
Sports
Geography
Music
Movies
Television
Just For Fun
Miscellaneous
History
Literature
Language
Science
Gaming
Entertainment
Religion
Holiday
For Kids
Quiz Lab
Recent
Popular Today
Quiz Kudos Today
Editor Picks
Curator Picks
Quizzes by...
Day
Popularity
Type
Ratings
Length
Year
Community
Subscriptions
Recent Discussions
Orange Saloon
Badges
Playlists
Quests
Create
Leaderboards
Showdown
Live 5
Trivia Bingo
Activity
Puzzle Library
Sporcle Events
Private Events
Virtual Trivia
Globe League
Become a Host
Pub Owners
SporcleCon
Opinionation
Our Games
Videos
Blog
Mobile Apps
Partnerships
Remove Ads and Go Orange
Feedback
Music
Pop Music
The Beatles
Song
Album
Lyrics
Bands
Singers
Artist
Clip
Rock
Rap
Classical
Billboard
Country Music
Kpop
Taylor Swift
Music
Pop Music
The Beatles
Song
Album
Lyrics
Bands
Singers
Artist
Clip
Rock
Rap
Classical
Billboard
Country Music
Kpop
Taylor Swift
Random Quiz
Search Sporcle
×
Quiz Lab
Quiz Lab
Music
Lyrics
Type in answers that appear in a list
Type in answers that appear in a list
Classic
Best Score? Go Orange.
Mike Oldfield - Moonlight Shadow Stats
Can you name the lyrics to Mike Oldfield's (sung by Maggie Reilly) 'Moonlight Shadow'?
By
_pressure82_
10m
238 Questions
304 Plays
304 Plays
304 Plays
Comments
Comments
Give Quiz Kudos
Give Quiz Kudos
-
- Ratings
hide this ad
Replay
Link that replays current quiz
Next Quiz
Link to next quiz in quiz playlist
You Got
0%
They Got
Avg Score
81%
Avg Friend Score
Upgrade to see
Score Distribution
Jump to the score distribution portion of the page
Score
0/238
Timer
10:00
1
Play Today
Lyrics
% Correct
The
98.7%
the
98.7%
the
98.7%
The
98.7%
the
98.7%
the
98.7%
the
98.7%
the
98.7%
the
98.7%
the
98.7%
the
98.7%
The
98.7%
the
98.7%
the
98.7%
a
98%
a
98%
a
98%
a
98%
a
98%
a
98%
a
98%
a
98%
a
98%
a
98%
a
98%
a
98%
a
98%
a
98%
a
98%
a
98%
I
97.4%
I
97.4%
I
97.4%
I
97.4%
I
97.4%
moonlight
97%
shadow
97%
moonlight
97%
shadow
97%
moonlight
97%
shadow
97%
moonlight
97%
shadow
97%
moonlight
97%
shadow
97%
moonlight
97%
shadow
97%
moonlight
97%
shadow
97%
moonlight
97%
shadow
97%
away
94.4%
by
94.4%
away
94.4%
by
94.4%
away
94.4%
away
94.4%
by
94.4%
away
94.4%
by
94.4%
away
94.4%
by
94.4%
away (x2)
94.4%
away
94.4%
by
94.4%
away
94.4%
by
94.4%
away
94.4%
away
94.4%
away
94.4%
by
94.4%
away
94.4%
by
94.4%
away
94.4%
away (x2)
94.4%
in
93.4%
in
93.4%
in
93.4%
in
93.4%
in
93.4%
Lyrics
% Correct
in
93.4%
in
93.4%
in
93.4%
she
93.1%
she
93.1%
she
93.1%
she
93.1%
she
93.1%
she
93.1%
Carried
92.1%
Carried
92.1%
Carried
92.1%
Carried
92.1%
Carried
92.1%
Carried
92.1%
Carried
92.1%
Carried
92.1%
on
91.1%
on
91.1%
on
91.1%
on
91.1%
on
91.1%
on
91.1%
He
89.8%
He
89.8%
to
89.8%
He
89.8%
to
89.8%
to
89.8%
to
89.8%
to
89.8%
and
86.8%
And
86.8%
and
86.8%
And
86.8%
and
86.8%
and
86.8%
Far
86.5%
Far
86.5%
far
86.5%
Far
86.5%
Far
86.5%
Far
86.5%
far
86.5%
time
85.9%
saw
85.9%
him
85.9%
saw
85.9%
was
85.5%
through
85.5%
was
85.5%
was
85.5%
through
85.5%
through
85.5%
was
85.5%
was
85.5%
through
85.5%
you
84.5%
you
84.5%
you
84.5%
other
83.9%
other
83.9%
other
83.9%
other
83.9%
other
83.9%
side
83.6%
side
83.6%
side
83.6%
side
83.6%
side
83.6%
how
82.6%
how
82.6%
how
82.6%
how
82.6%
couldn't
82.2%
couldn't
82.2%
couldn't
82.2%
couldn't
82.2%
ever
81.3%
of
79.9%
Lyrics
% Correct
of
79.9%
of
79.9%
of
79.9%
night
79.3%
night
79.3%
night
79.3%
night
79.3%
push
78.9%
push
78.9%
push
78.9%
push
78.9%
man
78.3%
See
78.3%
See
78.3%
find
77.3%
find
77.3%
find
77.3%
find
77.3%
Heaven
76.6%
Heaven
76.6%
six
76.3%
that
75.7%
that
75.7%
times
75.7%
shot
75%
run
75%
pray...
72.7%
pray...
72.7%
morning
72.4%
But
69.4%
But
69.4%
middle
68.1%
stay...
68.1%
middle
68.1%
stay...
68.1%
evening
63.8%
AM
63.5%
caught
62.2%
Caught
62.2%
Four
61.5%
me
60.5%
gun
60.2%
first
58.2%
fight
57.9%
your
56.9%
come
55.3%
this
55.3%
Saturday
54.9%
whisper
53.9%
All
53.9%
desperate
53.6%
Lost
53.3%
Will
51%
trees
49.3%
warning
48%
watched
47.7%
from
46.4%
air
46.4%
vision
45.7%
worried
44.4%
heavy
44.4%
passed
44.1%
song
44.1%
hundred
44.1%
alive
43.8%
five
43.1%
Sing
42.8%
with
42.4%
silhouette
42.1%
sorrow
39.5%
forming
39.1%
grieving
38.2%
riddle
37.2%
silvery
34.9%
Stars
34.5%
slowly
22.7%
terms
8.9%
roll
5.6%
Quiz Playlist
Details
Report
Send in Message
Add To Playlist
Classic:
Type in answers that appear in a list
Last Updated: Sep 17, 2017
Quiz Scoreboard
CHALLENGE
Sign Up to Join the Scoreboard
Show All
Scores
Hide
Comments
May contain spoilers
Recently Published
Billboard Blitz: Fleetwood Mac
by CooCooCachoo
Music
15s
Presidents Visiting Landmarks
by Hejman
History
7m
An Introduction to Baseball
by treessimontrees
Sports
5m
More to Explore
Quiz From the Vault
Featured Blog Post
Where Did the Easter Bunny Come From?
hide this ad
You Might Also Like...
Tags
Lyrics Quiz
#1 Songs
1980s
1983
Hit Singles
UK Singles
Today's Top Quizzes in Music
Browse Music
hide this ad
Today's Top Quizzes in Lyrics
Browse Lyrics
Top Contributed Quizzes in Music
1
Taylor Swift All Songs (2024)
2
Guess the Artist- 70s Songs
3
7-to-1: Billboard Hot 100 #1 Hits of 2010s
4
Sorting Albums and Songs
5
Taylor Swift Logic Puzzle
6
KPOP LOGIC QUIZ
7
2010s Album by Cover III
8
One Thing in Common: Music
9
Guess the Taylor Swift song (Mystery Song)
10
Guess The Taylor Swift Lyrics Song #1
Explore More
Trending Topics
Marvel
Crossword
Kpop
Harry Potter
Anime
NBA
Disney
WWE
NFL
Soccer
Pokémon
The Office
Puzzle
Song
Country
hide this ad
More By:
_pressure82_
Quiz
Plays
Rating
Category
Featured
Created
Pick the Minecraft Food
8,068
4.27
Gaming
Aug 21, 2016
Word Ladder: New Wave Music
7,810
4.63
Just For Fun
Sep 17, 2017
Minecraft Mobs: Hostile, Neutral or Passive?
7,015
4.23
Gaming
May 30, 2017
Non-Craftable Items
6,631
4.56
Gaming
Jul 2, 2016
Figure Out the Lyrics: Queen
5,162
3.83
Music
Jul 14, 2014
Go to Creator's Profile
Score Distribution
Quiz Creator Spotlight
_pressure82_
Follow
Send a Message
Quizzes Created
-
Created Quiz Play Count
-
More By This Creator
Popular Quizzes Today
1
Find the US States - No Outlines Minefield
2
Find the Countries of Europe - No Outlines Minefield
3
The Countries of the World
4
Find the US States
5
Risky Map Clicking: Biggest States A-Z
6
US States
7
Popular People in 1961
8
Movies - When Are They Set?
More Music Quizzes
'O' Names for Singers
Quiz Lab
Trending Quizzes
Risky Map Clicking: Least Populous States A-Z
1-10 Letter G Words
1-10 Letter F Words
Risky Map Clicking: Next State Alphabetically
Risky Map Clicking: Biggest States A-Z
Recently Updated
Leaping Animals
pecheneg
Reality TV Shows (A-Z)
bhenderson79
Rickey Henderson's Hall of Fame Teammates
pecheneg
Champions League XIs: Arsenal
pecheneg
Quick Pick: Celebrities in WWE's Hall of Fame
aduchscher
A-Z Keypad Blitz II
pecheneg
Multiple Oscar Actors
pecheneg
Mystery Phrase Blitz: Oscar 'Best Actors'
pecheneg
F. Scott Fitzgerald Novels
LTH
Pick 3 Villains
ddd62291
Trending Topics
Kpop
Anime
Marvel
Disney
Crossword
Harry Potter
NBA
Pokémon
The Office
NFL
Song
Puzzle
Soccer
WWE
Country
Your Account Isn't Verified!
In order to create a playlist on Sporcle, you need to verify the email address you used during registration. Go to your
Sporcle Settings
to finish the process.
Report this User
Report this user for behavior that violates our
Community Guidelines
.
Details:
Send Report
Go to the Sporcle.com Mobile Site →
Comments